| 000 | 00846nam a22002057a 4500 | ||
|---|---|---|---|
| 008 | 150909b xxu||||| |||| 00| 0 eng d | ||
| 020 | _a9780792357438 | ||
| 050 | _aSPCH3.B114 | ||
| 245 |
_aNietzsche, Epistemology, and Philosophy of Science _bNietzsche and the sciences 2 _cedited by Babette Babich and Robert S. Cohen |
||
| 260 |
_aDordrecht _bKluwer Academic Publishers _c1999 |
||
| 300 |
_axvii, 371p. ; _c25cm. |
||
| 440 |
_aBoston studies in the Philosophy of Science _n204 _919536 |
||
| 500 | _aHeelan, Patrick A. Nietzsche's perspectivalism: a hermeneutic philosophy of science p. 203-220 | ||
| 600 |
_aNietzsche, Friedrich Wilhelm _919537 |
||
| 650 |
_aKnowledge, Theory of _919538 |
||
| 650 |
_aScience _xPhilosophy _919539 |
||
| 700 |
_aBabich, Babette E _eed. _919724 |
||
| 700 |
_aCohen, Robert, S _eed. _919725 |
||
| 942 |
_2lcc _cSPC |
||
| 999 |
_c123307 _d123307 |
||